UBT Library

Roli i financave publike në zgjedhjet elektorale në periudhën e pas luftës në Kosovë (Record no. 45474)

000 -LEADER
fixed length control field 00335nam a22001217a 4500
008 - FIXED-LENGTH DATA ELEMENTS--GENERAL INFORMATION
fixed length control field 180424b xxu||||| |||| 00| 0 eng d
041 ## - LANGUAGE CODE
Language code of text/sound track or separate title eng
080 ## - UNIVERSAL DECIMAL CLASSIFICATION NUMBER
Universal Decimal Classification number 043.3
100 ## - Rafti
Rafti 0
101 ## - Shkurtesa
Shkurtesa SHP-BTH
245 ## - TITLE STATEMENT
Title Roli i financave publike në zgjedhjet elektorale në periudhën e pas luftës në Kosovë
Statement of responsibility, etc Konjufca,G
942 ## - ADDED ENTRY ELEMENTS (KOHA)
Source of classification or shelving scheme
Item type Books
Holdings
Withdrawn status Lost status Source of classification or shelving scheme Damaged status Not for loan Collection code Permanent location Current location Shelving location Date acquired Total Checkouts Full call number Barcode Date last seen Price effective from Koha item type
          Koleksioni i përgjithshem UBT - Lipjan UBT - Lipjan Disertacionet 04/24/2018   043.3 Konjufca, G 2017 002-3002970 04/24/2018 04/24/2018 Books
          Koleksioni i përgjithshem UBT - Lipjan UBT - Lipjan Disertacionet 04/24/2018   043.3 Konjufca, G 2017 002-30021965 04/24/2018 04/24/2018 Books
          Koleksioni i përgjithshem UBT - Lipjan UBT - Lipjan Disertacionet 04/24/2018   043.3 Konjufca, G 2017 002-30021960 04/24/2018 04/24/2018 Books
          Koleksioni i përgjithshem UBT - Lipjan UBT - Lipjan Disertacionet 04/24/2018   043.3 Konjufca, G 2017 002-30021961 04/24/2018 04/24/2018 Books
UBT Library © 2015-2024. All rights reserved University Education for Business and Technology